Statystyki dla Quiz o Paragwaju

Kliknij tutaj aby rozwiązać quiz!

Ogólne statystyki

  • Ten quiz został rozwiązany 153 razy
  • Średni wynik to 9 z 18

Statystyki odpowiedzi

WskazówkaOdpowiedź% Poprawnych
Brazylia
98%
Języki urzędoweHiszpański
98%
Państwa granicząceArgentyna
97%
Boliwia
96%
Stolica i największe miastoAsunción
78%
Paragwaj to jedno z dwóch państw
Ameryki, które są...
Śródlądowe
65%
Paragwaj jest domem dla kapibary, największego na świecie ....Gryzonia
52%
Z dokładnością do liczby całkowitej, procent energii
Paragwaju pochodzącej z elektrowni wodnych
100
50%
Rzeka, do której wpływa rzeka ParagwajParaná
42%
Popularny napój południowoamerykański podobny do Tereré w ParagwajuYerba Mate
37%
Zachodni Paragwaj jest częścią tego półpustynnego regionu nizinnegoGran {Chaco}
36%
W Paragwaju na osobę przypada 2,01 tych zwierząt,
czyli więcej niż w jakimkolwiek kraju
z wyjątkiem Urugwaju i Nowej Zelandii
Krowy
34%
Paragwaj jest drugim co do wielkości producentem
tej rodzimej rośliny używanej jako bezkaloryczny słodzik
(zaczyna się na S)
Stewia
34%
Guaraní
32%
Roślina z rodziny bobowatych, która stanowi 39% eksportu ParagwajuSoja
29%
95% ludzi to ta grupa etniczna,
będąca mieszanką Hiszpanów i Indian
Metysi
29%
Drugie co do wielkości miasto, znalezione w pobliżu wodospadów IguazúCiudad del {Este}
19%
Inna nazwa wojny paragwajskiej,
w której Paragwaj stracił 1/3 swojego terytorium,
i większość męskiej populacji
Wojna {trójprzymierza}
12%

Rozkład punktacji

Percentyl według liczby udzielonych odpowiedzi

Procent ludzi z każdym wynikiem

Twoja historia wyników

Nie rozwiązałeś tego quizu